000 00855nam a2200253Ia 4500
003 GCL
005 20240530102413.0
008 140319s9999 xx 000 0 ara d
040 _aGCL /
_cGCL
082 0 4 _a940.1
_bك ع
100 _aكوليتون , ج . ج
245 1 0 _aعالم العصور الوسطى فى النظم والحضارة /
_cكوليتون , ج . ج
260 _a[S.N] :
_bمؤسسة شباب الجامعة ،
_c1983
300 _a386
490 _aمكتبة العصور الوسطى
_v0
650 0 4 _aتاريخ
650 0 4 _aالعصور الوسطى
650 0 4 _aحضارة العصور الوسطى
650 0 4 _aالامبراطورية الرومانية
650 0 4 _aالاقطاع
650 0 4 _aعصر النهضة (1300 - 1494)
700 1 _aجوزيف نسيم يوسف
_eمترجم
942 _2ddc
_cBK
999 _c32006
_d32006